Principles of pediatrics and pediatric nursing. (Record no. 38307)

MARC details
000 -LEADER
fixed length control field 00664cam a22002411 4500
001 - CONTROL NUMBER
control field med47001427
003 - CONTROL NUMBER IDENTIFIER
control field DLC
005 - DATE AND TIME OF LATEST TRANSACTION
control field 20260227111602.0
008 - FIXED-LENGTH DATA ELEMENTS--GENERAL INFORMATION
fixed length control field 821215s1947 paua 000 0 eng c
010 ## - LIBRARY OF CONGRESS CONTROL NUMBER
LC control number med47001427
035 ## - SYSTEM CONTROL NUMBER
System control number (OCoLC)9057166
040 ## - CATALOGING SOURCE
Original cataloging agency U.S. Army Medical Library
Transcribing agency ScU
Modifying agency ScU
-- DLC
042 ## - AUTHENTICATION CODE
Authentication code premarc
050 00 - LIBRARY OF CONGRESS CALL NUMBER
Classification number RJ45
Item number .K64 1947
082 ## - DEWEY DECIMAL CLASSIFICATION NUMBER
Classification number 618.92
100 1# - MAIN ENTRY--PERSONAL NAME
Personal name Knox, Cecilia M.,
Dates associated with a name 1905-
245 00 - TITLE STATEMENT
Title Principles of pediatrics and pediatric nursing.
250 ## - EDITION STATEMENT
Edition statement Rev. ed.
260 ## - PUBLICATION, DISTRIBUTION, ETC.
Place of publication, distribution, etc. Philadelphia,
Name of publisher, distributor, etc. Davis,
Date of publication, distribution, etc. 1947.
300 ## - PHYSICAL DESCRIPTION
Extent x, 527 p.
Other physical details illus. (port col.)
Dimensions 22 cm.
650 #0 - SUBJECT ADDED ENTRY--TOPICAL TERM
Topical term or geographic name entry element Children
General subdivision Diseases.
650 #0 - SUBJECT ADDED ENTRY--TOPICAL TERM
Topical term or geographic name entry element Nursing.

No items available.

Powered by Koha